| 000 | 00407 a2200169 4500 | ||
|---|---|---|---|
| 001 | 192701 | ||
| 020 | _a85-04-01019-8 | ||
| 040 | _cMagnum | ||
| 100 | _aCarroll, Lewis | ||
| 240 | 1 | 0 |
_aAlice through the looking glass _lING |
| 245 | 1 | 0 | _aAlice through the looking glass |
| 300 | _a31 | ||
| 362 | 0 | _a2006 | |
| 440 | 1 | _aCompanhia Editora Nacional | |
| 697 | _aLITERATURA INFANTIL INGLESA | ||
| 942 | _cBK | ||
| 999 |
_c192701 _d192701 |
||